[Event "WCO 2016"]
[Site "?"]
[Date "2016.09.13"]
[Round "11"]
[Board "17"]
[WhiteID "929239"]
[White "Dimitrijevic Aleksandra"]
[BlackID "13600168"]
[Black "Arakhamia-Grant Ketevan"]
[Result "1-0"]
[BlackElo "2381"]
[WhiteElo "2254"]
[LiveChessVersion "1.4.8"]

1. Nf3 {[%clk 1:30:56]} Nf6 {[%clk 1:30:26]} 2. b3 {[%clk 1:31:18]} g6
{[%clk 1:30:11]} 3. Bb2 {[%clk 1:31:42]} Bg7 {[%clk 1:30:35]} 4. e3
{[%clk 1:31:38]} O-O {[%clk 1:27:33]} 5. Be2 {[%clk 1:31:01]} d6 {[%clk 1:27:21]}
6. d4 {[%clk 1:28:54]} e5 {[%clk 1:16:22]} 7. dxe5 {[%clk 1:25:24]} Nfd7
{[%clk 1:16:44]} 8. Qd2 {[%clk 1:24:26]} Nxe5 {[%clk 1:08:21]} 9. Nc3
{[%clk 1:22:19]} Nbc6 {[%clk 1:06:31]} 10. Nxe5 {[%clk 1:16:21]} Nxe5
{[%clk 1:05:10]} 11. O-O-O {[%clk 1:16:15]} Be6 {[%clk 1:02:45]} 12. f4
{[%clk 1:16:16]} Nd7 {[%clk 0:50:51]} 13. g4 {[%clk 1:11:10]} f6 {[%clk 0:50:22]}
14. h4 {[%clk 1:11:11]} Re8 {[%clk 0:44:35]} 15. Bf3 {[%clk 1:04:54]} Rb8
{[%clk 0:43:57]} 16. h5 {[%clk 1:00:56]} Bf7 {[%clk 0:41:23]} 17. Bd5
{[%clk 0:59:27]} Qe7 {[%clk 0:40:50]} 18. hxg6 {[%clk 0:59:37]} hxg6
{[%clk 0:41:12]} 19. Rh3 {[%clk 0:58:26]} Nb6 {[%clk 0:34:27]} 20. Bxf7+
{[%clk 0:54:28]} Kxf7 {[%clk 0:32:30]} 21. g5 {[%clk 0:52:13]} Rh8
{[%clk 0:30:26]} 22. Nd5 {[%clk 0:42:56]} Nxd5 {[%clk 0:29:30]} 23. Rxh8
{[%clk 0:40:47]} Rxh8 {[%clk 0:25:21]} 24. Qxd5+ {[%clk 0:37:58]} Qe6
{[%clk 0:25:07]} 25. Qxb7 {[%clk 0:37:59]} Qxe3+ {[%clk 0:24:43]} 26. Kb1
{[%clk 0:38:23]} Qe7 {[%clk 0:23:16]} 27. Bc3 {[%clk 0:32:43]} fxg5
{[%clk 0:06:28]} 28. Re1 {[%clk 0:33:02]} Qd7 {[%clk 0:03:23]} 29. Qd5+
{[%clk 0:32:46]} Kf8 {[%clk 0:03:49]} 30. Qa8+ {[%clk 0:32:38]} Kf7
{[%clk 0:04:14]} 31. Qd5+ {[%clk 0:33:00]} Kf8 {[%clk 0:04:40]} 32. Bxg7+
{[%clk 0:31:05]} Kxg7 {[%clk 0:03:32]} 33. Qd4+ {[%clk 0:30:24]} Kg8
{[%clk 0:03:51]} 34. Qf6 {[%clk 0:26:09]} Qf7 {[%clk 0:01:14]} 35. Qxg5
{[%clk 0:26:21]} Kf8 {[%clk 0:00:51]} 36. f5 {[%clk 0:26:22]} Qxf5
{[%clk 0:00:34]} 37. Qd8+ {[%clk 0:26:34]} Kg7 {[%clk 0:00:54]} 38. Re7+
{[%clk 0:26:51]} Kf6 {[%clk 0:01:06]} 39. Re8+ {[%clk 0:27:13]} 1-0

[Event "WCO 2016"]
[Site "?"]
[Date "2016.09.13"]
[Round "11"]
[Board "18"]
[WhiteID "2403501"]
[White "Durno Joy"]
[BlackID "14400839"]
[Black "Boric Elena"]
[Result "0-1"]
[BlackElo "2216"]
[WhiteElo "1894"]
[LiveChessVersion "1.4.8"]

1. e4 {[%clk 1:30:58]} Nf6 {[%clk 1:29:24]} 2. e5 {[%clk 1:31:18]} Nd5
{[%clk 1:29:48]} 3. c4 {[%clk 1:31:27]} Nb6 {[%clk 1:30:04]} 4. d4
{[%clk 1:31:52]} d6 {[%clk 1:30:27]} 5. Nf3 {[%clk 1:32:14]} g6 {[%clk 1:30:01]}
6. Nbd2 {[%clk 1:30:48]} Bg7 {[%clk 1:25:22]} 7. Be2 {[%clk 1:27:50]} dxe5
{[%clk 1:23:44]} 8. dxe5 {[%clk 1:27:57]} Nc6 {[%clk 1:22:02]} 9. c5
{[%clk 1:28:10]} Nd5 {[%clk 1:18:06]} 10. Bb5 {[%clk 1:26:43]} O-O
{[%clk 1:05:21]} 11. Bxc6 {[%clk 1:24:38]} bxc6 {[%clk 1:05:49]} 12. O-O
{[%clk 1:24:51]} Nb4 {[%clk 0:59:05]} 13. a3 {[%clk 1:22:32]} Nd3
{[%clk 0:58:45]} 14. Nc4 {[%clk 1:18:54]} Be6 {[%clk 0:53:36]} 15. Qc2
{[%clk 1:18:14]} Nxc5 {[%clk 0:51:49]} 16. Rd1 {[%clk 1:16:36]} Bf5
{[%clk 0:48:26]} 17. Rxd8 {[%clk 1:15:45]} Bxc2 {[%clk 0:48:50]} 18. Rxa8
{[%clk 1:14:44]} Rxa8 {[%clk 0:49:16]} 19. Be3 {[%clk 1:14:56]} Nb3
{[%clk 0:46:24]} 20. Re1 {[%clk 1:14:57]} a5 {[%clk 0:43:35]} 21. Nd4
{[%clk 1:14:17]} Nxd4 {[%clk 0:42:02]} 22. Bxd4 {[%clk 1:14:46]} Bb3
{[%clk 0:40:21]} 23. Ne3 {[%clk 1:13:18]} Rd8 {[%clk 0:39:16]} 24. Bc3
{[%clk 1:13:34]} a4 {[%clk 0:39:03]} 25. f4 {[%clk 1:11:32]} f6 {[%clk 0:32:39]}
26. Ng4 {[%clk 1:07:54]} Kf7 {[%clk 0:32:53]} 27. exf6 {[%clk 1:06:58]} exf6
{[%clk 0:33:16]} 28. Re2 {[%clk 1:05:08]} Bd1 {[%clk 0:33:05]} 0-1

[Event "WCO 2016"]
[Site "?"]
[Date "2016.09.13"]
[Round "11"]
[Board "19"]
[WhiteID "14400081"]
[White "Dengler Dijana"]
[BlackID "22253025"]
[Black "Espinosa Cancino Monica"]
[Result "1-0"]
[BlackElo "1679"]
[WhiteElo "2047"]
[LiveChessVersion "1.4.8"]

1. d4 {[%clk 1:30:58]} d5 {[%clk 1:30:54]} 2. Nf3 {[%clk 1:31:16]} c6
{[%clk 1:31:08]} 3. e3 {[%clk 1:31:04]} Nf6 {[%clk 1:31:13]} 4. Bd3
{[%clk 1:31:14]} e6 {[%clk 1:30:54]} 5. b3 {[%clk 1:31:16]} Nbd7 {[%clk 1:30:54]}
6. Bb2 {[%clk 1:31:18]} Bd6 {[%clk 1:30:29]} 7. Ne5 {[%clk 1:28:00]} O-O
{[%clk 1:26:55]} 8. O-O {[%clk 1:28:04]} Qc7 {[%clk 1:26:13]} 9. f4
{[%clk 1:27:47]} c5 {[%clk 1:15:52]} 10. Nd2 {[%clk 1:27:00]} b6 {[%clk 1:14:05]}
11. Rf3 {[%clk 1:20:09]} Bb7 {[%clk 1:06:37]} 12. Nxd7 {[%clk 1:18:14]} Qxd7
{[%clk 1:03:47]} 13. dxc5 {[%clk 1:14:35]} d4 {[%clk 0:49:23]} 14. cxd6
{[%clk 1:11:37]} Bxf3 {[%clk 0:49:29]} 15. Qxf3 {[%clk 1:01:58]} Qxd6
{[%clk 0:41:35]} 16. Bxd4 {[%clk 1:01:19]} Qe7 {[%clk 0:35:04]} 17. Nc4
{[%clk 0:55:20]} Nd7 {[%clk 0:28:30]} 18. Qh3 {[%clk 0:53:03]} f5
{[%clk 0:25:54]} 19. Ne5 {[%clk 0:48:12]} Nf6 {[%clk 0:20:49]} 20. Qf3
{[%clk 0:45:38]} Nd5 {[%clk 0:16:07]} 21. Bc4 {[%clk 0:44:36]} Qd6
{[%clk 0:15:05]} 22. Rd1 {[%clk 0:40:53]} a6 {[%clk 0:12:18]} 23. Bb2
{[%clk 0:37:41]} b5 {[%clk 0:10:26]} 24. Bxd5 {[%clk 0:37:34]} exd5
{[%clk 0:10:49]} 25. Rxd5 {[%clk 0:35:05]} Qh6 {[%clk 0:09:30]} 26. Rd7
{[%clk 0:32:20]} Qe6 {[%clk 0:08:51]} 27. Qb7 {[%clk 0:31:31]} Qh6
{[%clk 0:06:40]} 28. Ng4 {[%clk 0:29:38]} 1-0

[Event "WCO 2016"]
[Site "?"]
[Date "2016.09.13"]
[Round "11"]
[Board "20"]
[WhiteID "2404117"]
[White "Rutherford Kathleen"]
[BlackID "14403668"]
[Black "Jacimovic Sara"]
[Result "1/2-1/2"]
[BlackElo "1992"]
[WhiteElo "1643"]
[LiveChessVersion "1.4.8"]

1. e4 {[%clk 1:30:59]} e5 {[%clk 1:30:53]} 2. Nf3 {[%clk 1:31:26]} Nc6
{[%clk 1:31:16]} 3. d4 {[%clk 1:31:51]} exd4 {[%clk 1:31:33]} 4. Nxd4
{[%clk 1:32:16]} Bc5 {[%clk 1:31:52]} 5. Be3 {[%clk 1:32:41]} Qf6
{[%clk 1:31:34]} 6. c3 {[%clk 1:33:04]} Nge7 {[%clk 1:31:18]} 7. Bc4
{[%clk 1:33:17]} Ne5 {[%clk 1:30:08]} 8. Be2 {[%clk 1:33:35]} O-O
{[%clk 1:28:03]} 9. O-O {[%clk 1:32:54]} Qg6 {[%clk 1:24:00]} 10. Nd2
{[%clk 1:31:38]} d6 {[%clk 1:12:54]} 11. Bh5 {[%clk 1:30:46]} Qf6
{[%clk 1:07:56]} 12. Be2 {[%clk 1:21:54]} Qg6 {[%clk 1:01:02]} 13. Bh5
{[%clk 1:21:45]} Qf6 {[%clk 1:01:09]} 14. Be2 {[%clk 1:15:07]} Qg6
{[%clk 0:51:24]} 15. Bh5 {[%clk 1:06:41]} Qf6 16. Be2 {[%clk 1:06:26]} Qg6
{[%clk 0:52:13]} 17. Bh5 {[%clk 1:06:52]} Qf6 {[%clk 0:52:40]} 18. Be2 1/2-1/2

[Event "WCO 2016"]
[Site "?"]
[Date "2016.09.13"]
[Round "11"]
[Board "21"]
[WhiteID "4700562"]
[White "Shabanaj Eglantina"]
[BlackID "933988"]
[Black "Milovic Aleksandra"]
[Result "1-0"]
[BlackElo "2252"]
[WhiteElo "1932"]
[LiveChessVersion "1.4.8"]

1. d4 {[%clk 1:30:58]} Nf6 {[%clk 1:30:46]} 2. Nf3 {[%clk 1:31:08]} e6
{[%clk 1:30:56]} 3. e3 {[%clk 1:31:18]} b6 {[%clk 1:29:52]} 4. Bd3
{[%clk 1:31:09]} Bb7 {[%clk 1:30:15]} 5. Nbd2 {[%clk 1:31:12]} c5
{[%clk 1:29:03]} 6. c3 {[%clk 1:30:44]} Nc6 {[%clk 1:25:54]} 7. O-O
{[%clk 1:31:02]} d5 {[%clk 1:22:53]} 8. dxc5 {[%clk 1:31:03]} Bxc5
{[%clk 1:21:32]} 9. e4 {[%clk 1:31:10]} O-O {[%clk 1:14:32]} 10. Qe2
{[%clk 1:30:38]} dxe4 {[%clk 0:58:18]} 11. Nxe4 {[%clk 1:29:38]} Be7
{[%clk 0:57:46]} 12. Bg5 {[%clk 1:14:42]} Nxe4 {[%clk 0:43:10]} 13. Qxe4
{[%clk 1:13:23]} g6 {[%clk 0:43:34]} 14. Bh6 {[%clk 1:11:26]} Re8
{[%clk 0:43:45]} 15. Rad1 {[%clk 1:11:18]} Qc7 {[%clk 0:43:36]} 16. Bf4
{[%clk 1:06:32]} Bd6 {[%clk 0:36:59]} 17. Bxd6 {[%clk 1:05:24]} Qxd6
{[%clk 0:37:24]} 18. Qh4 {[%clk 1:05:02]} Qe7 {[%clk 0:27:17]} 19. Ng5
{[%clk 1:00:32]} h5 {[%clk 0:27:32]} 20. Rfe1 {[%clk 0:55:02]} Kg7
{[%clk 0:24:47]} 21. Re3 {[%clk 0:53:35]} Rad8 {[%clk 0:22:53]} 22. Qg3
{[%clk 0:52:40]} Qd6 {[%clk 0:17:36]} 23. f4 {[%clk 0:49:43]} Ne7
{[%clk 0:16:21]} 24. Rde1 {[%clk 0:46:01]} Nd5 {[%clk 0:11:35]} 25. Nxf7
{[%clk 0:44:36]} Kxf7 {[%clk 0:07:40]} 26. Qxg6+ {[%clk 0:44:12]} Kf8
{[%clk 0:08:09]} 27. Qh6+ {[%clk 0:44:11]} Kf7 {[%clk 0:08:14]} 28. Bg6+
{[%clk 0:44:29]} Kf6 {[%clk 0:08:00]} 29. Bxe8+ {[%clk 0:44:44]} 1-0

[Event "WCO 2016"]
[Site "?"]
[Date "2016.09.13"]
[Round "11"]
[Board "22"]
[WhiteID "16500270"]
[White "Blagojevic Tijana"]
[BlackID "4700147"]
[Black "Gjergji Rozana"]
[Result "1-0"]
[BlackElo "1947"]
[WhiteElo "2223"]
[LiveChessVersion "1.4.8"]

1. e4 {[%clk 1:30:56]} d5 {[%clk 1:30:51]} 2. exd5 {[%clk 1:31:19]} Qxd5
{[%clk 1:31:14]} 3. Nf3 {[%clk 1:31:43]} Nf6 {[%clk 1:31:06]} 4. d4
{[%clk 1:31:14]} c6 {[%clk 1:30:27]} 5. Be2 {[%clk 1:30:16]} Bf5 {[%clk 1:30:03]}
6. O-O {[%clk 1:30:30]} e6 {[%clk 1:28:28]} 7. c4 {[%clk 1:30:31]} Qd8
{[%clk 1:27:45]} 8. Nc3 {[%clk 1:29:42]} Bd6 {[%clk 1:24:52]} 9. Qb3
{[%clk 1:29:39]} Qc7 {[%clk 1:22:24]} 10. Rd1 {[%clk 1:28:07]} O-O
{[%clk 1:21:27]} 11. h3 {[%clk 1:28:31]} Nbd7 {[%clk 1:20:31]} 12. Be3
{[%clk 1:28:54]} Rfe8 {[%clk 1:14:40]} 13. Rac1 {[%clk 1:29:08]} e5
{[%clk 1:10:45]} 14. c5 {[%clk 1:23:00]} Bf8 {[%clk 1:08:56]} 15. Bc4
{[%clk 1:17:35]} Be6 {[%clk 1:07:03]} 16. Bxe6 {[%clk 1:16:31]} Rxe6
{[%clk 1:06:59]} 17. dxe5 {[%clk 1:16:35]} Nxe5 {[%clk 0:50:02]} 18. Nxe5
{[%clk 1:16:41]} Qxe5 {[%clk 0:48:17]} 19. Qxb7 {[%clk 1:15:05]} Rb8
{[%clk 0:40:40]} 20. Qxa7 {[%clk 1:15:02]} Rxb2 {[%clk 0:40:55]} 21. Rd8
{[%clk 1:11:38]} Re8 {[%clk 0:40:09]} 22. Rxe8 {[%clk 1:10:47]} Nxe8
{[%clk 0:39:16]} 23. Qd7 {[%clk 1:08:40]} Qe6 {[%clk 0:37:18]} 24. Qxe6
{[%clk 1:08:36]} fxe6 {[%clk 0:37:46]} 25. Rb1 {[%clk 1:01:06]} Rc2
{[%clk 0:31:42]} 26. Ne4 {[%clk 0:59:57]} Rc4 {[%clk 0:31:58]} 27. Ng5
{[%clk 0:57:47]} Nc7 {[%clk 0:24:15]} 28. Rb8 {[%clk 0:53:00]} h6
{[%clk 0:21:37]} 29. Nf3 {[%clk 0:53:12]} Nd5 {[%clk 0:21:45]} 30. Ne5
{[%clk 0:52:34]} Nxe3 {[%clk 0:22:06]} 31. fxe3 {[%clk 0:52:49]} Rxc5
{[%clk 0:22:17]} 1-0

[Event "WCO 2016"]
[Site "?"]
[Date "2016.09.13"]
[Round "11"]
[Board "23"]
[WhiteID "4700597"]
[White "Shabanaj Alda"]
[BlackID "931411"]
[Black "Stojanovic Marija R"]
[Result "0-1"]
[BlackElo "2127"]
[WhiteElo "1881"]
[LiveChessVersion "1.4.8"]

1. d4 {[%clk 1:30:58]} Nf6 {[%clk 1:30:51]} 2. Nf3 {[%clk 1:31:16]} g6
{[%clk 1:30:52]} 3. g3 {[%clk 1:31:31]} Bg7 {[%clk 1:31:02]} 4. Bg2
{[%clk 1:31:51]} O-O {[%clk 1:30:59]} 5. O-O {[%clk 1:31:30]} d6 {[%clk 1:30:58]}
6. c4 {[%clk 1:31:36]} Nc6 {[%clk 1:30:22]} 7. Nc3 {[%clk 1:31:18]} a6
{[%clk 1:29:08]} 8. e4 {[%clk 1:29:51]} Rb8 {[%clk 1:23:30]} 9. d5
{[%clk 1:28:39]} Na5 {[%clk 1:22:21]} 10. Qd3 {[%clk 1:28:30]} b5
{[%clk 1:19:16]} 11. cxb5 {[%clk 1:26:51]} axb5 {[%clk 1:19:40]} 12. b4
{[%clk 1:26:05]} Nc4 {[%clk 1:17:32]} 13. a4 {[%clk 1:22:56]} Nxe4
{[%clk 1:05:41]} 14. Qxe4 {[%clk 1:14:33]} Bxc3 {[%clk 1:05:47]} 15. Bh6
{[%clk 1:14:34]} Bf5 {[%clk 1:02:13]} 16. Qe2 {[%clk 1:14:07]} Bxa1
{[%clk 0:49:54]} 17. Bxf8 {[%clk 1:14:21]} Bf6 {[%clk 0:49:57]} 18. Bh6
{[%clk 1:11:18]} Nb2 {[%clk 0:50:00]} 19. Qd2 {[%clk 1:11:07]} Nxa4
{[%clk 0:47:36]} 20. Nd4 {[%clk 1:10:59]} Bd7 {[%clk 0:47:41]} 21. Re1
{[%clk 1:07:33]} Nb6 {[%clk 0:42:51]} 22. g4 {[%clk 1:04:35]} Nc4
{[%clk 0:39:46]} 23. Qd1 {[%clk 1:03:41]} Ra8 {[%clk 0:38:42]} 24. f4
{[%clk 1:01:06]} Bxg4 {[%clk 0:35:13]} 25. Qxg4 {[%clk 1:00:45]} Bxd4+
{[%clk 0:35:38]} 26. Kh1 {[%clk 1:00:55]} Ra1 {[%clk 0:34:27]} 27. Rxa1
{[%clk 1:00:32]} Bxa1 {[%clk 0:34:52]} 28. Qf3 {[%clk 0:58:55]} Qa8
{[%clk 0:34:18]} 29. Qh3 {[%clk 0:57:55]} Bd4 {[%clk 0:32:46]} 30. f5
{[%clk 0:55:30]} Qa3 {[%clk 0:28:15]} 31. fxg6 {[%clk 0:55:00]} hxg6
{[%clk 0:27:02]} 32. Bg5 {[%clk 0:53:36]} Qxh3 {[%clk 0:25:58]} 33. Bxh3
{[%clk 0:53:58]} Bf6 {[%clk 0:22:35]} 34. Bxf6 {[%clk 0:53:45]} exf6
{[%clk 0:23:01]} 35. Bd7 {[%clk 0:54:02]} Na3 {[%clk 0:22:44]} 36. Kg2
{[%clk 0:54:25]} Nc2 {[%clk 0:22:57]} 37. Bxb5 {[%clk 0:54:48]} Nxb4
{[%clk 0:23:20]} 38. Bc4 {[%clk 0:55:05]} c6 {[%clk 0:23:35]} 39. dxc6
{[%clk 0:55:15]} Nxc6 {[%clk 0:24:01]} 40. Kf2 {[%clk 1:25:16]} Kg7
{[%clk 0:54:01]} 41. h3 {[%clk 1:25:34]} f5 {[%clk 0:54:06]} 42. Ke3
{[%clk 1:25:40]} Kf6 {[%clk 0:53:02]} 43. Bd5 {[%clk 1:25:11]} Ne7
{[%clk 0:53:14]} 44. Bb3 {[%clk 1:25:23]} d5 {[%clk 0:53:13]} 45. Kd4
{[%clk 1:25:25]} g5 {[%clk 0:53:17]} 46. Bd1 {[%clk 1:25:30]} Ke6
{[%clk 0:53:27]} 47. Bf3 {[%clk 1:25:25]} Kd6 {[%clk 0:53:47]} 48. Bh5
{[%clk 1:25:36]} Ng6 {[%clk 0:53:24]} 49. Be2 {[%clk 1:25:05]} Nf4
{[%clk 0:53:38]} 50. Bf1 {[%clk 1:25:29]} Ne6+ {[%clk 0:54:01]} 51. Ke3
{[%clk 1:25:42]} Ke5 {[%clk 0:54:22]} 0-1

[Event "WCO 2016"]
[Site "?"]
[Date "2016.09.13"]
[Round "11"]
[Board "24"]
[WhiteID "916773"]
[White "Blagojevic Lidija"]
[BlackID "4701100"]
[Black "Tuzi Bruna"]
[Result "1-0"]
[BlackElo "1807"]
[WhiteElo "1957"]
[LiveChessVersion "1.4.8"]

1. e4 {[%clk 1:30:57]} c5 {[%clk 1:30:54]} 2. c3 {[%clk 1:31:20]} d5
{[%clk 1:31:17]} 3. d3 {[%clk 1:31:46]} Nc6 {[%clk 1:31:16]} 4. Nd2
{[%clk 1:32:03]} Nf6 {[%clk 1:31:10]} 5. Be2 {[%clk 1:31:07]} e5 {[%clk 1:29:18]}
6. Ngf3 {[%clk 1:31:11]} dxe4 {[%clk 1:26:04]} 7. dxe4 {[%clk 1:31:26]} Bg4
{[%clk 1:25:48]} 8. O-O {[%clk 1:31:22]} Qc7 {[%clk 1:24:49]} 9. Re1
{[%clk 1:30:51]} a6 {[%clk 1:24:35]} 10. a4 {[%clk 1:30:52]} Na5 {[%clk 1:23:08]}
11. Qc2 {[%clk 1:30:48]} c4 {[%clk 1:22:41]} 12. Rb1 {[%clk 1:26:39]} Bc5
{[%clk 1:19:38]} 13. Nxc4 {[%clk 0:56:45]} Nxc4 {[%clk 1:19:26]} 14. Bxc4
{[%clk 0:57:08]} Bxf3 {[%clk 1:19:29]} 15. gxf3 {[%clk 0:55:29]} Bxf2+
{[%clk 1:19:34]} 16. Kxf2 {[%clk 0:55:54]} Qxc4 {[%clk 1:19:50]} 17. Be3
{[%clk 0:55:44]} O-O-O {[%clk 1:17:52]} 18. Red1 {[%clk 0:55:04]} Qc6
{[%clk 1:15:56]} 19. Qb3 {[%clk 0:51:59]} Rhf8 {[%clk 1:12:54]} 20. a5
{[%clk 0:50:08]} Nd7 {[%clk 1:12:36]} 21. Qb4 {[%clk 0:49:32]} Qe6
{[%clk 1:06:43]} 22. Rd6 {[%clk 0:45:34]} Qh3 {[%clk 1:05:32]} 23. Rh1
{[%clk 0:44:18]} Nb8 {[%clk 1:02:20]} 24. Qc5+ {[%clk 0:44:23]} Nc6
{[%clk 1:02:35]} 25. Rxc6+ {[%clk 0:40:38]} bxc6 {[%clk 1:02:54]} 26. Qxc6+
{[%clk 0:40:52]} Kb8 {[%clk 1:03:19]} 27. Qb6+ {[%clk 0:41:00]} Kc8
{[%clk 1:03:32]} 28. Qxa6+ {[%clk 0:41:01]} Kd7 {[%clk 1:00:49]} 29. Rd1+
{[%clk 0:41:25]} Ke8 {[%clk 1:01:02]} 30. Qc6+ {[%clk 0:41:15]} Rd7
{[%clk 1:01:29]} 31. Qc8+ {[%clk 0:41:12]} Ke7 {[%clk 1:01:56]} 32. Bc5+
{[%clk 0:41:07]} Kf6 {[%clk 1:02:19]} 33. Qxd7 {[%clk 0:41:25]} Qxh2+
{[%clk 1:02:27]} 34. Ke3 {[%clk 0:39:27]} Qf4+ {[%clk 1:02:52]} 35. Ke2
{[%clk 0:39:53]} Qh2+ {[%clk 1:02:08]} 36. Bf2 {[%clk 0:39:35]} 1-0

[Event "WCO 2016"]
[Site "?"]
[Date "2016.09.13"]
[Round "11"]
[Board "21"]
[WhiteID "10605908"]
[White "Mona Khaled"]
[BlackID "6101488"]
[Black "Granados Diaz Maria Esther"]
[Result "1-0"]
[BlackElo "1831"]
[WhiteElo "2175"]
[LiveChessVersion "1.4.8"]

1. Nf3 {[%clk 1:30:43]} Nf6 {[%clk 1:30:52]} 2. c4 {[%clk 1:30:42]} d5
{[%clk 1:31:02]} 3. d4 {[%clk 1:31:04]} g6 {[%clk 1:31:28]} 4. Nc3
{[%clk 1:31:16]} Bg7 {[%clk 1:31:53]} 5. Bf4 {[%clk 1:31:19]} c6 {[%clk 1:31:38]}
6. e3 {[%clk 1:31:33]} O-O {[%clk 1:31:41]} 7. h3 {[%clk 1:31:51]} Re8
{[%clk 1:26:14]} 8. Be2 {[%clk 1:31:46]} Nbd7 {[%clk 1:23:45]} 9. O-O
{[%clk 1:31:56]} dxc4 {[%clk 1:21:45]} 10. Bxc4 {[%clk 1:32:19]} Nb6
{[%clk 1:20:15]} 11. Be2 {[%clk 1:31:35]} Nbd5 {[%clk 1:20:05]} 12. Bh2
{[%clk 1:31:57]} Nxc3 {[%clk 1:18:34]} 13. bxc3 {[%clk 1:30:40]} Nd5
{[%clk 1:14:52]} 14. Qb3 {[%clk 1:30:05]} Qb6 {[%clk 0:58:58]} 15. c4
{[%clk 1:28:31]} Nf6 {[%clk 0:54:44]} 16. c5 {[%clk 1:21:41]} Qxb3
{[%clk 0:53:26]} 17. axb3 {[%clk 1:22:04]} Nd7 {[%clk 0:53:27]} 18. Rfd1
{[%clk 1:15:57]} e5 {[%clk 0:52:12]} 19. Nxe5 {[%clk 1:11:28]} Nxe5
{[%clk 0:51:46]} 20. Bxe5 {[%clk 1:11:51]} Bxe5 {[%clk 0:51:26]} 21. dxe5
{[%clk 1:12:14]} Bf5 {[%clk 0:51:13]} 22. f4 {[%clk 1:11:49]} Bc2
{[%clk 0:46:38]} 23. Rd7 {[%clk 1:12:03]} Bxb3 {[%clk 0:46:35]} 24. Rxb7
{[%clk 1:12:13]} Bd5 {[%clk 0:46:40]} 25. Raxa7 {[%clk 1:12:25]} Rxa7
{[%clk 0:47:02]} 26. Rxa7 {[%clk 1:12:50]} f6 {[%clk 0:47:17]} 27. e4
{[%clk 1:03:13]} Bf7 {[%clk 0:41:53]} 28. Rc7 {[%clk 0:53:37]} fxe5
{[%clk 0:41:56]} 29. f5 {[%clk 0:54:02]} Rb8 {[%clk 0:38:29]} 30. Rxc6
{[%clk 0:53:12]} gxf5 {[%clk 0:38:37]} 31. exf5 {[%clk 0:52:03]} Rb1+
{[%clk 0:38:12]} 32. Kf2 {[%clk 0:51:50]} Rb2 {[%clk 0:38:12]} 33. Ke3
{[%clk 0:45:41]} Bd5 {[%clk 0:36:07]} 34. Rd6 {[%clk 0:45:38]} Bxg2
{[%clk 0:35:49]} 35. Bc4+ {[%clk 0:45:55]} Kf8 {[%clk 0:35:59]} 36. f6
{[%clk 0:46:18]} Ke8 {[%clk 0:34:11]} 37. f7+ {[%clk 0:46:14]} Ke7
{[%clk 0:34:33]} 38. Rd8 {[%clk 0:46:23]} 1-0

[Event "WCO 2016"]
[Site "?"]
[Date "2016.09.13"]
[Round "11"]
[Board "22"]
[WhiteID "6100694"]
[White "Alarcon Pamela"]
[BlackID "10609970"]
[Black "Wafa Shrook"]
[Result "0-1"]
[BlackElo "2106"]
[WhiteElo "1834"]
[LiveChessVersion "1.4.8"]

1. d4 {[%clk 1:30:51]} Nf6 {[%clk 1:30:53]} 2. c4 {[%clk 1:31:13]} e6
{[%clk 1:31:15]} 3. a3 {[%clk 1:31:23]} Be7 {[%clk 1:31:11]} 4. Nc3
{[%clk 1:31:44]} O-O {[%clk 1:31:22]} 5. e4 {[%clk 1:30:11]} d6 {[%clk 1:31:16]}
6. Nf3 {[%clk 1:29:18]} Nc6 {[%clk 1:31:29]} 7. Bd3 {[%clk 1:27:32]} e5
{[%clk 1:31:37]} 8. d5 {[%clk 1:27:42]} Nb8 {[%clk 1:31:58]} 9. Nd2
{[%clk 1:25:06]} a5 {[%clk 1:31:31]} 10. Rb1 {[%clk 1:24:57]} Nbd7
{[%clk 1:26:28]} 11. b4 {[%clk 1:25:16]} Re8 {[%clk 1:26:31]} 12. O-O
{[%clk 1:24:25]} Nf8 {[%clk 1:26:45]} 13. Nb3 {[%clk 1:22:07]} axb4
{[%clk 1:26:04]} 14. axb4 {[%clk 1:22:29]} b6 {[%clk 1:25:10]} 15. f3
{[%clk 1:21:29]} Ng6 {[%clk 1:25:14]} 16. Be3 {[%clk 1:20:38]} Nf4
{[%clk 1:23:43]} 17. Bxf4 {[%clk 1:17:25]} exf4 {[%clk 1:24:05]} 18. Nd4
{[%clk 1:17:50]} Bd7 {[%clk 1:22:07]} 19. Ra1 {[%clk 1:17:46]} Rxa1
{[%clk 1:21:57]} 20. Qxa1 {[%clk 1:18:11]} Nh5 {[%clk 1:21:56]} 21. Qa7
{[%clk 1:18:04]} Bf6 {[%clk 1:21:05]} 22. Ncb5 {[%clk 1:17:45]} Be5
{[%clk 1:13:47]} 23. c5 {[%clk 1:17:04]} Qf6 {[%clk 1:10:11]} 24. Nb3
{[%clk 1:17:02]} dxc5 {[%clk 1:08:01]} 25. bxc5 {[%clk 1:16:46]} Rd8
{[%clk 0:59:04]} 26. Rd1 {[%clk 1:16:19]} Bxb5 {[%clk 0:48:43]} 27. Bxb5
{[%clk 1:16:42]} g5 {[%clk 0:48:19]} 28. Rc1 {[%clk 1:09:25]} Bd4+
{[%clk 0:46:48]} 29. Kf1 {[%clk 1:09:50]} Be3 {[%clk 0:44:36]} 30. Rc2
{[%clk 1:09:51]} Qe5 {[%clk 0:40:48]} 31. cxb6 {[%clk 1:10:06]} Bxb6
{[%clk 0:40:21]} 32. Qa2 {[%clk 1:05:48]} g4 {[%clk 0:37:13]} 33. Qb2
{[%clk 1:05:39]} Qg5 {[%clk 0:36:16]} 34. fxg4 {[%clk 1:02:09]} Nf6
{[%clk 0:34:19]} 35. Nd2 {[%clk 1:00:27]} Nxg4 {[%clk 0:34:20]} 36. Nf3
{[%clk 1:00:26]} Ne3+ {[%clk 0:34:33]} 37. Ke1 {[%clk 1:00:51]} Nxc2+
{[%clk 0:34:51]} 38. Qxc2 {[%clk 1:00:17]} Qe7 {[%clk 0:34:38]} 39. Bc6
{[%clk 0:59:31]} Qb4+ {[%clk 0:34:04]} 40. Ke2 {[%clk 1:29:49]} Be3
{[%clk 1:03:00]} 41. e5 {[%clk 1:29:21]} Rb8 {[%clk 1:01:08]} 42. Ng5
{[%clk 1:27:56]} Qb2 {[%clk 1:01:04]} 43. Ba4 {[%clk 1:28:20]} h6
{[%clk 1:00:53]} 44. Nf3 {[%clk 1:24:56]} Kf8 {[%clk 0:58:41]} 45. d6
{[%clk 1:23:46]} cxd6 {[%clk 0:58:43]} 46. exd6 {[%clk 1:23:58]} Qxc2+
{[%clk 0:58:45]} 47. Bxc2 {[%clk 1:24:21]} Rd8 {[%clk 0:59:03]} 48. Nh4
{[%clk 1:23:36]} Rxd6 {[%clk 0:59:19]} 49. Bd3 {[%clk 1:23:52]} Rb6
{[%clk 0:59:12]} 50. Kf3 {[%clk 1:23:24]} Rb2 {[%clk 0:58:49]} 51. Be2
{[%clk 1:23:09]} Rb3 {[%clk 0:58:57]} 52. Kg4 {[%clk 1:22:51]} Rb2
{[%clk 0:58:11]} 53. Bf3 {[%clk 1:23:09]} Kg7 {[%clk 0:57:30]} 54. Be4
{[%clk 1:20:44]} Kf6 {[%clk 0:56:57]} 55. Bc6 {[%clk 1:17:24]} Rc2
{[%clk 0:55:53]} 56. Be4 {[%clk 1:17:41]} Rc5 {[%clk 0:56:13]} 57. Nf3
{[%clk 1:16:42]} Ke6 {[%clk 0:54:55]} 58. Nh4 {[%clk 1:15:57]} Bf2
{[%clk 0:51:08]} 59. Nf5 {[%clk 1:06:45]} Ke5 {[%clk 0:51:11]} 60. Bb1
{[%clk 1:01:18]} Rc6 {[%clk 0:49:57]} 61. Kf3 {[%clk 1:01:17]} Bg1
{[%clk 0:49:12]} 62. h3 {[%clk 1:01:09]} Rc3+ {[%clk 0:49:28]} 63. Ke2
{[%clk 1:01:34]} Rb3 {[%clk 0:49:37]} 64. Nxh6 {[%clk 0:55:57]} Rxb1
{[%clk 0:49:51]} 65. Nxf7+ {[%clk 0:56:24]} Ke4 {[%clk 0:49:34]} 66. Nd6+
{[%clk 0:56:27]} Kd5 {[%clk 0:49:33]} 67. Nf5 {[%clk 0:56:41]} Ke5
{[%clk 0:49:31]} 68. Nh4 {[%clk 0:55:17]} 0-1